[Event "Besancon op"]
[Site "Besancon"]
[Date "2004.12.28"]
[Round "3"]
[White "Simon, Daniel"]
[Black "Lazard, Daniel"]
[Result "1-0"]
[WhiteElo "2148"]
[BlackElo "1790"]
[PlyCount "55"]
[EventDate "2004.12.27"]
[EventType "swiss"]
[EventRounds "7"]
[EventCountry "FRA"]
[SourceTitle "EXT 2006"]
[Source "ChessBase"]
[SourceDate "2005.11.24"]
[SourceVersion "1"]
[SourceVersionDate "2005.11.24"]
[SourceQuality "1"]

1. e4 c5 2. d3 Nc6 3. f4 d6 4. c3 e6 5. Be2 Nf6 6. Bf3 Be7 7. Qe2 Qc7 8. Be3 e5 9. f5 b5 10. Nh3 h6 11. 0-0 Bb7 12. Nd2 a5 13. a3 0-0 14. g4 Nh7 15. Qg2 Qd8 16. Be2 b4 17. Nf3 Nb8 18. g5 Kh8 19. Kh1 Rg8 20. Rg1 g6 21. fxg6 Rxg6 22. Nh4 Rg8 23. g6 Ng5 24. Nxg5 Bxg5 25. Bxg5 Qxg5 26. Qxg5 hxg5 27. gxf7 Rf8 28. Ng6+ 1-0